[Event "Tata Steel 2025"]
[Site "Wijk aan Zee"]
[Date "18.01.2025"]
[Round "1"]
[White "Harikrishna, Pentala"]
[Black "Erigaisi, Arjun"]
[Result "1-0"]
[WhiteElo "2695"]
[BlackElo "2801"]
[EventDate "2025.01.18"]

1. e4 c5 2. Nf3 d6 3. Nc3 Nc6 4. d4 cxd4 5. Nxd4 Nf6 6. Be2 g6 7. Be3 Bg7
8. Qd2 O-O 9. O-O-O d5 10. Bf3 dxe4 11. Nxc6 Qc7 12. Nxe7+ Qxe7 13. Be2 Ng4
14. Bxg4 Bxg4 15. Qd6 Qe8 16. Rd2 Rc8 17. Bd4 Rd8 18. Qxd8 Qxd8 19. Bxg7
Qe8 20. Bxf8 e3 21. fxe3 Kxf8 22. Re1 Qe5 23. g3 Be6 24. a3 Kg7 25. Rd4 Qh5
26. Re2 Qf3 27. b3 h5 28. Kb2 Qf6 29. a4 b6 30. Red2 Qe5 31. e4 Kh6 32. Rd6
Kg7 33. R6d4 Kh6 34. Nd5 Bg4 35. Ne3 Be6 36. Ka2 Qg5 37. Nd5 h4 38. gxh4
Qxh4 39. Nc7 Bh3 40. R4d3 Bg4 41. Nb5 Qe7 42. Nd6 Qf6 43. e5 Qf1 44. Rd4
Be6 45. Rh4+ Kg5 46. Re4 Kh6 47. Kb2 g5 48. Nb5 Bf5 49. Ree2 Bg4 50. Rg2
Qe1 51. Nd4 Qe4 52. Ka2 Bh5 53. Nc6 Bg6 54. Ne7 Bh5 55. Ng8+ Kg6 56. Ne7+
Kh6 57. h4 g4 58. Ng8+ Kg6 59. Nf6 Qf3 60. Rg1 Kh6 61. Rdg2 Qf5 62. Kb1 Bg6
63. h5 1-0

[Event "Tata Steel 2025"]
[Site "Wijk aan Zee"]
[Date "18.01.2025"]
[Round "1"]
[White "Praggnanandhaa, Rameshbabu"]
[Black "Abdusattorov, Nodirbek"]
[Result "1/2-1/2"]
[WhiteElo "2741"]
[BlackElo "2768"]
[EventDate "2025.01.18"]

1. c4 e5 2. Nc3 Bb4 3. Nd5 a5 4. Nf3 d6 5. a3 Bc5 6. e3 c6 7. d4 Ba7 8. Nc3
Nd7 9. Qc2 Ngf6 10. Bd2 O-O 11. O-O-O Re8 12. h3 e4 13. Nh2 d5 14. g4 dxc4
15. g5 Nd5 16. Nxe4 Qe7 17. Ng3 b5 18. Nf5 Qe6 19. h4 c5 20. Bh3 Qa6 21. h5
b4 22. Bf1 cxd4 23. Bxc4 b3 24. Qxb3 Nc5 25. Qa2 Nd3+ 26. Kb1 Bxf5 27. Bxa6
N3b4+ 28. Ka1 Nxa2 29. Kxa2 dxe3 30. fxe3 Nxe3 31. Rc1 Rab8 32. Bxa5 Nc2
33. Bc4 Bd4 34. b3 Rec8 35. Rhf1 Ne3 36. Rxf5 Nxf5 37. g6 hxg6 38. hxg6 Nd6
39. gxf7+ Kf8 40. Bb4 Rxb4 41. axb4 Nb5 42. Kb1 Na3+ 43. Ka2 Nc2 44. Kb1
Na3+ 45. Ka2 Nc2 46. Kb1 Na3+ 1/2-1/2

[Event "Tata Steel 2025"]
[Site "Wijk aan Zee"]
[Date "18.01.2025"]
[Round "1"]
[White "Mendonca, Leon Luke"]
[Black "Keymer, Vincent"]
[Result "0-1"]
[WhiteElo "2639"]
[BlackElo "2733"]
[EventDate "2025.01.18"]

1. e4 e5 2. Nf3 Nc6 3. Bc4 Nf6 4. Ng5 d5 5. exd5 Na5 6. Bb5+ c6 7. dxc6
bxc6 8. Bd3 Nd5 9. Nf3 Bd6 10. Nc3 f5 11. Nxd5 cxd5 12. b4 Nc6 13. Bb5 Bb7
14. Bb2 O-O 15. Bxc6 Bxc6 16. Nxe5 Re8 17. f4 d4 18. O-O Bxe5 19. fxe5 Rxe5
20. c4 Qh4 21. b5 Bb7 22. Rf2 Rae8 23. Qf1 R5e6 24. c5 Be4 25. Qc4 d3 26.
Rxf5 Qg4 27. Rf2 h5 28. h3 Qg3 29. c6 Kh7 30. Qc5 Rg6 31. Rc1 Qxh3 0-1

[Event "Tata Steel 2025"]
[Site "Wijk aan Zee"]
[Date "18.01.2025"]
[Round "1"]
[White "Gukesh, Dommaraju"]
[Black "Giri, Anish"]
[Result "1-0"]
[WhiteElo "2777"]
[BlackElo "2731"]
[EventDate "2025.01.18"]

1. Nf3 Nf6 2. g3 d5 3. Bg2 c5 4. O-O Nc6 5. d4 e6 6. c4 dxc4 7. Qa4 Bd7 8.
dxc5 Bxc5 9. Qxc4 Be7 10. Nc3 O-O 11. e4 Rc8 12. Qe2 Bc5 13. Bg5 h6 14. Bh4
g5 15. Nxg5 hxg5 16. Bxg5 e5 17. Qd2 Be7 18. Bh6 Kh7 19. Bxf8 Bxf8 20. f4
Be6 21. Nd5 Nb4 22. fxe5 Ng4 23. Rad1 Kh8 24. Kh1 Rc2 25. Qf4 Nxd5 26. Qf3
Qb6 27. exd5 Rf2 28. Qc3 Bb4 29. Qc1 Bf5 30. Qg5 Bf8 31. Qh4+ Bh6 32. Rde1
Qxb2 33. h3 Be4 34. Rxf2 Nxf2+ 35. Kg1 Qb6 36. Qf6+ Qxf6 37. exf6 Bxg2 38.
Kxg2 Nd3 39. Re8+ Kh7 40. d6 Nc5 41. Re5 Nd7 42. Re7 1-0

[Event "Tata Steel 2025"]
[Site "Wijk aan Zee"]
[Date "18.01.2025"]
[Round "1"]
[White "Wei Yi"]
[Black "Caruana, Fabiano"]
[Result "1/2-1/2"]
[WhiteElo "2751"]
[BlackElo "2803"]
[EventDate "2025.01.18"]

1. e4 e5 2. Nf3 Nc6 3. Bb5 Nf6 4. O-O Nxe4 5. Re1 Nd6 6. Nxe5 Be7 7. Bf1
Nxe5 8. Rxe5 O-O 9. d4 Bf6 10. Re1 Re8 11. Bf4 Rxe1 12. Qxe1 Ne8 13. c3 d5
14. Nd2 c6 15. Qe3 g6 16. Re1 Ng7 17. Nf3 Bf5 18. h3 h5 19. Be5 Ne6 20. Bd3
Bxd3 21. Qxd3 Kg7 22. h4 Bxe5 23. Rxe5 Qd7 24. Ng5 Nc7 25. Qe3 Re8 26. g3
Kg8 27. Qf4 Rxe5 28. Qxe5 Ne8 29. Nh3 Nd6 30. Nf4 Qd8 31. Kg2 1/2-1/2

[Event "Tata Steel 2025"]
[Site "Wijk aan Zee"]
[Date "18.01.2025"]
[Round "1"]
[White "Van Foreest, Jorden"]
[Black "Fedoseev, Vladimir"]
[Result "1/2-1/2"]
[WhiteElo "2680"]
[BlackElo "2717"]
[EventDate "2025.01.18"]

1. e4 e5 2. Nf3 Nf6 3. Nxe5 d6 4. Nf3 Nxe4 5. Bd3 Ng5 6. O-O d5 7. Re1+ Ne6
8. c4 d4 9. Qc2 g6 10. c5 Bg7 11. Bc4 O-O 12. d3 Nc6 13. a3 Nxc5 14. Bg5
Qd6 15. Nbd2 Bf5 16. b4 Ne6 17. Bh4 Rac8 18. Ne4 Bxe4 19. Rxe4 Ncd8 20.
Rae1 a6 21. Ne5 Bxe5 22. Rxe5 Re8 23. Qa2 Kg7 24. Bb3 Nc6 25. R5e4 Qd7 26.
Qe2 h6 27. Qf3 Ng5 28. Bxg5 hxg5 29. h3 Rxe4 30. Qxe4 Rh8 31. Ba4 Rh4 32.
Qe2 b5 33. Bb3 Rf4 34. Rc1 Qd6 35. Rc5 Rf5 36. Qe8 Nd8 37. g3 c6 38. Kg2
Qc7 39. Qe4 Rxc5 40. bxc5 Qd7 41. Qe5+ f6 42. Qb8 a5 43. a4 bxa4 44. Bxa4
Nf7 45. Bb3 a4 46. Bxa4 Qd5+ 1/2-1/2

[Event "Tata Steel 2025"]
[Site "Wijk aan Zee"]
[Date "18.01.2025"]
[Round "1"]
[White "Warmerdam, Max"]
[Black "Sarana, Alexey"]
[Result "1/2-1/2"]
[WhiteElo "2646"]
[BlackElo "2677"]
[EventDate "2025.01.18"]

1. Nf3 d5 2. g3 c6 3. Bg2 Bf5 4. c4 dxc4 5. Na3 e5 6. Nc2 e4 7. Nh4 Be6 8.
Bxe4 Nf6 9. Bg2 Bc5 10. O-O O-O 11. Ne3 Na6 12. b3 Bd4 13. Rb1 cxb3 14.
axb3 Nb4 15. Nef5 Bb6 16. Bb2 g6 17. Ne3 Bd4 18. Qc1 a5 19. Nf3 Bxb2 20.
Qxb2 Re8 21. Rfc1 Ng4 22. Nc4 Qe7 23. d3 Bd5 24. h3 Nf6 25. Ne3 Rad8 26.
Ra1 b6 27. d4 h5 28. Nxd5 cxd5 29. Ne5 Rc8 30. Qd2 Kg7 31. Rc3 Nd7 32. Nxd7
Rxc3 33. Qxc3 Qxd7 34. Qd2 Rc8 35. Rc1 Rc6 36. Rc3 Qc7 37. Rxc6 Qxc6 38. e3
Kf6 39. Qd1 Qc3 40. Bf1 Qc2 41. Qf3+ Qf5 42. Qe2 Qd7 43. Qf3+ Qf5 44. Qe2
Qe6 45. Qf3+ Ke7 46. g4 hxg4 47. hxg4 Kf8 48. Qf4 Na2 49. Bg2 Kg7 50. Qc7
Nb4 51. Bf3 Nd3 1/2-1/2

[Event "Tata Steel 2025"]
[Site "Wijk aan Zee"]
[Date "19.01.2025"]
[Round "2"]
[White "Abdusattorov, Nodirbek"]
[Black "Mendonca, Leon Luke"]
[Result "1-0"]
[WhiteElo "2768"]
[BlackElo "2639"]
[EventDate "2025.01.18"]

1. e4 e6 2. d4 d5 3. e5 c5 4. c3 Nc6 5. Nf3 Qb6 6. a4 cxd4 7. cxd4 Nh6 8.
Bb5 Nf5 9. Nc3 Bd7 10. O-O a6 11. Bxc6 Bxc6 12. Ne2 Be7 13. b3 O-O-O 14.
Bd2 Kb8 15. b4 Rc8 16. Rb1 Bd7 17. b5 axb5 18. axb5 Rc4 19. Qb3 g5 20. h3
h5 21. Bxg5 Rb4 22. Qa2 Rxb5 23. Ng3 Bxg5 24. Nxf5 exf5 25. Nxg5 Qxd4 26.
Ra1 Kc7 27. Nxf7 Rg8 28. Nd6 Rb4 29. Qa5+ Qb6 30. Qxd5 Rd8 31. Nc4 1-0

[Event "Tata Steel 2025"]
[Site "Wijk aan Zee"]
[Date "19.01.2025"]
[Round "2"]
[White "Caruana, Fabiano"]
[Black "Van Foreest, Jorden"]
[Result "1-0"]
[WhiteElo "2803"]
[BlackElo "2680"]
[EventDate "2025.01.18"]

1. d4 d5 2. Nf3 e6 3. Bf4 c5 4. e3 Nc6 5. c3 Bd6 6. Bg3 Nh6 7. Bd3 O-O 8.
Nbd2 b6 9. Qe2 Bb7 10. dxc5 bxc5 11. e4 Rb8 12. e5 Bc7 13. O-O Nf5 14. Bf4
c4 15. Bc2 Ba6 16. Rab1 d4 17. Nxc4 Qd5 18. b3 dxc3 19. Rfd1 Qc5 20. Bxf5
exf5 21. Qc2 Bxc4 22. Qxc3 Bb6 23. Be3 Qb4 24. Qxc4 Qxc4 25. bxc4 Bxe3 26.
fxe3 h6 27. Rb5 Rfc8 28. Kf2 Kf8 29. Rd6 Nd8 30. Nd4 g6 31. Rxb8 Rxb8 32.
c5 Nb7 33. Rd5 Nd8 34. c6 1-0

[Event "Tata Steel 2025"]
[Site "Wijk aan Zee"]
[Date "19.01.2025"]
[Round "2"]
[White "Keymer, Vincent"]
[Black "Warmerdam, Max"]
[Result "1/2-1/2"]
[WhiteElo "2733"]
[BlackElo "2646"]
[EventDate "2025.01.18"]

1. Nf3 d5 2. b3 c5 3. e3 g6 4. Bb2 Nf6 5. c4 dxc4 6. bxc4 Bg7 7. Be2 O-O 8.
O-O b6 9. d3 Bb7 10. Nbd2 Nc6 11. Ne5 Qc7 12. f4 Rad8 13. Qb3 Ne8 14. Ndf3
Na5 15. Qc2 Nd6 16. e4 f6 17. Ng4 Nc6 18. Rae1 Nf7 19. f5 gxf5 20. exf5 Kh8
21. Qb3 Qd7 22. Ne3 Bh6 23. Nd5 Nd6 24. g4 Rg8 25. Nh4 Nb4 26. Bf3 Nxd5 27.
cxd5 Rg7 28. Re6 Nf7 29. Rc6 Be3+ 30. Kh1 Bxc6 31. dxc6 Qxd3 32. Qxd3 Rxd3
33. c7 Nd6 34. Ng2 Bd4 35. Bc1 e5 36. fxe6 Rxc7 37. Nf4 Rxf3 38. Rxf3 Re7
39. Rf1 Nc4 40. Re1 Ne5 41. Kg2 Re8 42. h3 Ng6 43. Nxg6+ hxg6 44. h4 b5 45.
Bf4 Kg7 46. Bd6 a5 47. e7 Kf7 48. Kf3 c4 49. h5 gxh5 50. gxh5 Bc3 51. Re2
b4 52. h6 b3 53. axb3 cxb3 54. Ba3 Kg6 55. Rh2 Kh7 56. Kg4 Be5 57. Rh1 Kg6
58. h7 f5+ 59. Kf3 a4 60. Ke3 Kf7 61. Rh5 Kg6 62. Rh1 Bf6 63. Kd3 Rc8 64.
Rc1 Re8 65. Rh1 Kf7 66. Rf1 Kg6 67. Rh1 1/2-1/2

[Event "Tata Steel 2025"]
[Site "Wijk aan Zee"]
[Date "19.01.2025"]
[Round "2"]
[White "Fedoseev, Vladimir"]
[Black "Gukesh, Dommaraju"]
[Result "1/2-1/2"]
[WhiteElo "2717"]
[BlackElo "2777"]
[EventDate "2025.01.18"]

1. d4 Nf6 2. c4 e6 3. Nf3 d5 4. Nc3 dxc4 5. e4 b5 6. e5 Nd5 7. Nxb5 Nb6 8.
Nc3 Nc6 9. Be3 Bb7 10. Be2 Ne7 11. b3 cxb3 12. Qxb3 Nf5 13. Bb5+ c6 14. Bd3
Be7 15. O-O Nxe3 16. fxe3 O-O 17. Ne4 Rb8 18. Nc5 Bxc5 19. dxc5 Nd5 20. Qa3
a5 21. Rad1 Qc7 22. Bc4 Nb4 23. Rd6 Ba6 24. Bxa6 Nxa6 25. Rc1 Nb4 26. h3
Qa7 27. e4 Qa6 28. Kf2 h6 29. Rc3 a4 30. Rd4 Qb5 31. Rcc4 Na6 32. Kg3 Rfd8
33. Rxa4 Rxd4 34. Nxd4 Qxc5 35. Qxc5 Nxc5 36. Nxc6 Rb6 37. Ne7+ Kf8 38. Rc4
Nxe4+ 39. Rxe4 Kxe7 40. Rg4 g6 41. Re4 Rb1 42. h4 Kf8 43. Kf3 Ke7 1/2-1/2

[Event "Tata Steel 2025"]
[Site "Wijk aan Zee"]
[Date "19.01.2025"]
[Round "2"]
[White "Harikrishna, Pentala"]
[Black "Praggnanandhaa, Rameshbabu"]
[Result "0-1"]
[WhiteElo "2695"]
[BlackElo "2741"]
[EventDate "2025.01.18"]

1. e4 c5 2. Nf3 Nc6 3. Bb5 Nf6 4. Nc3 Qc7 5. O-O Nd4 6. Re1 a6 7. Bf1 Ng4
8. g3 Nxf3+ 9. Qxf3 Ne5 10. Qe2 e6 11. d3 d6 12. Be3 Nc6 13. f4 Be7 14. Qf2
O-O 15. Bg2 Bd7 16. g4 b5 17. h4 Nd4 18. Rac1 Rae8 19. Ne2 Nxe2+ 20. Rxe2
d5 21. g5 d4 22. Bd2 c4 23. c3 dxc3 24. Rxc3 f6 25. g6 hxg6 26. dxc4 bxc4
27. b3 Bc5 28. Be3 Bxe3 29. Rexe3 g5 30. f5 Qf4 31. hxg5 Qxf2+ 32. Kxf2
cxb3 33. axb3 fxg5 34. Rc7 Bb5 35. Bh3 exf5 36. exf5 Rxe3 37. Kxe3 Rd8 38.
Bg4 Rd7 39. Rc8+ Kf7 40. b4 Kf6 41. Rf8+ Rf7 42. Rb8 Rc7 43. Rb6+ Rc6 44.
Rb7 Rc3+ 45. Kf2 Rd3 46. Bh5 Rd7 47. Rb8 Kxf5 48. Rf8+ Ke5 49. Bg6 Kd4 50.
Rc8 Rd6 51. Bh5 Rc6 52. Rg8 Rc7 53. Kg3 Kc3 54. Bd1 Kxb4 55. Kg4 a5 0-1

[Event "Tata Steel 2025"]
[Site "Wijk aan Zee"]
[Date "19.01.2025"]
[Round "2"]
[White "Sarana, Alexey"]
[Black "Wei Yi"]
[Result "1/2-1/2"]
[WhiteElo "2677"]
[BlackElo "2751"]
[EventDate "2025.01.18"]

1. e4 e5 2. Nf3 Nc6 3. Nc3 Nf6 4. Bb5 Nd4 5. Nxd4 exd4 6. e5 dxc3 7. exf6
Qxf6 8. dxc3 Bc5 9. Qe2+ Qe6 10. Qxe6+ fxe6 11. a4 a6 12. Bd3 a5 13. h4 O-O
14. f3 e5 15. Bd2 d6 16. c4 Bf5 17. O-O-O Bxd3 18. cxd3 h5 19. Rhe1 b6 20.
Re4 Rf5 21. Rde1 Raf8 22. Bc3 Rf4 23. Bd2 R4f5 24. Bc3 Bf2 25. R1e2 Bg3 26.
Be1 Bf4+ 27. Bd2 c5 28. Bxf4 Rxf4 29. Kd2 R4f5 30. Ke3 R5f6 31. Rf2 Kf7 32.
g4 Kg6 33. gxh5+ Kxh5 34. Rg4 g6 35. Rg5+ Kh6 36. Rg3 Rf4 37. Rh2 R8f5 38.
b3 Rf6 39. Rh1 R6f5 40. Rhg1 Rf6 41. Rh1 Rd4 42. Rg4 d5 43. Rxd4 exd4+ 44.
Kf2 dxc4 45. bxc4 Re6 46. Rb1 Kh5 47. Kg3 g5 48. hxg5 Kxg5 49. Rb2 Kf5 50.
Rb1 Rg6+ 51. Kf2 Rh6 52. Kg3 Rg6+ 53. Kf2 Rh6 54. Kg3 1/2-1/2

[Event "Tata Steel 2025"]
[Site "Wijk aan Zee"]
[Date "19.01.2025"]
[Round "2"]
[White "Erigaisi, Arjun"]
[Black "Giri, Anish"]
[Result "1/2-1/2"]
[WhiteElo "2801"]
[BlackElo "2731"]
[EventDate "2025.01.18"]

1. e4 c5 2. Nf3 d6 3. d4 cxd4 4. Nxd4 Nf6 5. Nc3 a6 6. Be2 e5 7. Nb3 Be7 8.
Qd3 Be6 9. Nd5 Nxd5 10. exd5 Bc8 11. a4 a5 12. O-O O-O 13. f4 Nd7 14. Kh1
b6 15. Qd1 Ba6 16. Bxa6 Rxa6 17. fxe5 dxe5 18. d6 Bg5 19. Bxg5 Qxg5 20. Qd5
Qg4 21. Nd2 Qe6 22. Qxe6 fxe6 23. Rxf8+ Kxf8 24. Nc4 Ra8 25. Kg1 Kf7 26.
Kf2 Rc8 27. b3 Kg6 28. Ke3 Rf8 29. g3 h5 30. Rd1 Kg5 31. h3 Kg6 32. Ke2 Rc8
33. Rf1 Rc5 34. Kd3 Rd5+ 35. Kc3 Rc5 36. b4 axb4+ 37. Kxb4 Rc8 38. Ra1 Kf5
39. a5 bxa5+ 40. Rxa5 Ke4 41. Ra7 Rb8+ 42. Kc3 Rd8 43. Rc7 Nf6 44. Rxg7
Nd5+ 45. Kd2 Kd4 46. Na3 Nc3 47. d7 e4 48. Ke1 Kc5 49. Kd2 Kd4 50. Ke1 Kc5
51. Kd2 1/2-1/2

[Event "Tata Steel 2025"]
[Site "Wijk aan Zee"]
[Date "20.01.2025"]
[Round "3"]
[White "Van Foreest, Jorden"]
[Black "Sarana, Alexey"]
[Result "1/2-1/2"]
[WhiteElo "2680"]
[BlackElo "2677"]
[EventDate "2025.01.18"]

1. e4 c5 2. Nf3 d6 3. Bc4 Nf6 4. d3 a6 5. a4 e6 6. O-O Be7 7. Nbd2 b6 8.
Re1 Bb7 9. Ba2 Nc6 10. c3 Qc7 11. Nf1 Rc8 12. Ng3 O-O 13. h3 b5 14. Bb1 b4
15. Bg5 a5 16. d4 bxc3 17. bxc3 cxd4 18. cxd4 Nb4 19. Qd2 Qc3 20. Qxc3 Rxc3
21. d5 Rfc8 22. Bd2 R3c4 23. dxe6 fxe6 24. Bxb4 Rxb4 25. Ba2 d5 26. exd5
Bxd5 27. Rxe6 Rxa4 28. Rxe7 Rxa2 29. Rxa2 Bxa2 30. Ra7 Bd5 31. Rxa5 Bxf3
32. gxf3 Rf8 33. Kg2 h6 34. Nf5 Kh7 35. Ne3 Rf7 36. f4 Rc7 37. Kf3 Rb7 38.
f5 Rb3 39. Kg2 Rb4 40. Rc5 Ra4 41. f3 Nh5 42. Kf2 1/2-1/2

[Event "Tata Steel 2025"]
[Site "Wijk aan Zee"]
[Date "20.01.2025"]
[Round "3"]
[White "Wei Yi"]
[Black "Keymer, Vincent"]
[Result "1/2-1/2"]
[WhiteElo "2751"]
[BlackElo "2733"]
[EventDate "2025.01.18"]

1. e4 e5 2. Nf3 Nc6 3. Bc4 Nf6 4. d3 Bc5 5. c3 a5 6. O-O d6 7. Bg5 h6 8.
Bh4 Ba7 9. Re1 g5 10. Bg3 h5 11. h4 g4 12. Ng5 O-O 13. Na3 Qe7 14. d4 Kg7
15. f4 gxf3 16. gxf3 Nh7 17. f4 Bg4 18. Be2 Bxe2 19. Qxe2 exd4 20. Kg2 dxc3
21. Nxh7 cxb2 22. Rad1 Kxh7 23. Qxh5+ Kg7 24. Qg4+ Kh8 25. Qh5+ Kg7 26.
Qg4+ Kh8 27. Qh5+ 1/2-1/2

[Event "Tata Steel 2025"]
[Site "Wijk aan Zee"]
[Date "20.01.2025"]
[Round "3"]
[White "Praggnanandhaa, Rameshbabu"]
[Black "Erigaisi, Arjun"]
[Result "1-0"]
[WhiteElo "2741"]
[BlackElo "2801"]
[EventDate "2025.01.18"]

1. d4 Nf6 2. c4 e6 3. Nf3 d5 4. g3 dxc4 5. Bg2 c5 6. O-O Nc6 7. dxc5 Qxd1
8. Rxd1 Bxc5 9. Nbd2 c3 10. bxc3 O-O 11. Ne1 Bd7 12. Rb1 Na5 13. Nb3 Nxb3
14. axb3 Bc6 15. Bxc6 bxc6 16. Nd3 Be7 17. Be3 Rfc8 18. Bc5 Kf8 19. Ra1 Rc7
20. Kf1 Nd7 21. Bxe7+ Kxe7 22. Ra3 c5 23. c4 Rb7 24. Rda1 a5 25. Ke1 Kd6
26. Nc1 Rba7 27. Na2 Kc6 28. Nc3 Nb6 29. f4 Nc8 30. Nb5 Ra6 31. Rd1 Nb6 32.
Ra2 Rf8 33. Rd6+ Kb7 34. Nc3 Raa8 35. Rad2 Rfc8 36. Ra2 Rf8 37. Rd1 Ra7 38.
Rda1 Rfa8 39. Nb5 Ra6 40. Nd6+ Kc7 41. Nxf7 Nd7 42. Ng5 Nf6 43. Nf3 Ne4 44.
Nd2 Nf6 45. Kf2 Ng4+ 46. Kg2 e5 47. Ne4 exf4 48. gxf4 Re8 49. Nxc5 Rc6 50.
Nd3 Rg6 51. h3 Ne3+ 52. Kf2 Rg2+ 53. Kf3 Rh2 54. Nf2 g5 55. Rxa5 gxf4 56.
Ra7+ Kd6 57. Ne4+ Ke6 58. R1a6+ Ke5 59. Ra5+ Kd4 60. Rd7+ 1-0

[Event "Tata Steel 2025"]
[Site "Wijk aan Zee"]
[Date "20.01.2025"]
[Round "3"]
[White "Warmerdam, Max"]
[Black "Abdusattorov, Nodirbek"]
[Result "0-1"]
[WhiteElo "2646"]
[BlackElo "2768"]
[EventDate "2025.01.18"]

1. e4 e5 2. Nf3 Nc6 3. Bb5 a6 4. Ba4 Nf6 5. d3 Bc5 6. c3 d6 7. O-O O-O 8.
h3 Ba7 9. Re1 Ne7 10. d4 Ng6 11. Bc2 Bd7 12. Be3 Re8 13. Nbd2 a5 14. a4 Bc6
15. Qb1 Qe7 16. dxe5 dxe5 17. Bxa7 Rxa7 18. Bd3 Nf8 19. Nc4 N8d7 20. Qc2 g6
21. b3 b6 22. Rad1 Raa8 23. Qb2 Nh5 24. Ne3 Rad8 25. Bc2 Nhf6 26. Nc4 Kg7
27. b4 Ra8 28. Ra1 h6 29. Re3 Nh7 30. Nfd2 Ra7 31. Ree1 Ng5 32. Ne3 Nf6 33.
b5 Bb7 34. c4 Nd7 35. Nd5 Nxh3+ 36. Kf1 Bxd5 37. cxd5 Ng5 38. Ra3 f6 39.
Ke2 Nc5 40. Kd1 Raa8 41. Kc1 Rad8 42. g3 Nf7 43. f4 exf4 44. gxf4 Rxd5 45.
Nf3 Rh5 46. e5 fxe5 47. Rae3 Nd7 48. fxe5 Nfxe5 49. Rd1 Nf6 50. Rde1 Nfd7
51. Rd1 Kh7 52. Qc3 Nf6 53. Rg1 Nd5 54. Bxg6+ Kh8 55. Qd4 Nxe3 56. Bxh5
Qa3+ 57. Kd2 Nf5 0-1

[Event "Tata Steel 2025"]
[Site "Wijk aan Zee"]
[Date "20.01.2025"]
[Round "3"]
[White "Mendonca, Leon Luke"]
[Black "Harikrishna, Pentala"]
[Result "1/2-1/2"]
[WhiteElo "2639"]
[BlackElo "2695"]
[EventDate "2025.01.18"]

1. d4 Nf6 2. c4 e6 3. Nc3 Bb4 4. Nf3 b6 5. e3 O-O 6. Bd3 d5 7. O-O Ba6 8.
cxd5 exd5 9. Bxa6 Nxa6 10. Qa4 Qc8 11. Bd2 Re8 12. Rfc1 Bf8 13. Ne2 c5 14.
dxc5 Nxc5 15. Qd1 Qb7 16. Bc3 Nce4 17. Bxf6 Nxf6 18. Rc2 Rac8 19. Rac1 Rc5
20. Nfd4 Rec8 21. Nc3 Ne4 22. Nb3 R5c7 23. Nxe4 dxe4 24. Rd2 g6 25. g3 Be7
26. Rxc7 Rxc7 27. Nd4 Bb4 28. Rc2 Rd7 29. Qe2 Bc5 30. Nb3 Be7 31. Qc4 Kg7
32. Nd4 Bc5 33. Nb3 Be7 34. Nd4 Bc5 35. Nb5 a5 36. Nc3 f5 37. Kg2 Be7 38.
Ne2 Qd5 39. Qc8 Bc5 40. Nf4 Qd1 41. Ne6+ Kh6 42. Rxc5 Qf3+ 43. Kh3 Qg4+ 44.
Kg2 Qf3+ 1/2-1/2

[Event "Tata Steel 2025"]
[Site "Wijk aan Zee"]
[Date "21.01.2025"]
[Round "4"]
[White "Harikrishna, Pentala"]
[Black "Warmerdam, Max"]
[Result "1-0"]
[WhiteElo "2695"]
[BlackElo "2646"]
[EventDate "2025.01.18"]

1. Nf3 d5 2. g3 c5 3. Bg2 Nc6 4. d4 Nf6 5. O-O e6 6. c4 dxc4 7. dxc5 Qxd1
8. Rxd1 Bxc5 9. Nbd2 b5 10. a4 Ba6 11. Ng5 Nd5 12. Nde4 Bb4 13. Nxf7 Kxf7
14. Ng5+ Kf6 15. Nxe6 Nce7 16. axb5 Bb7 17. Nd4 Kf7 18. Ra4 c3 19. Rd3 a5
20. bxc3 Bxc3 21. Rf3+ Kg6 22. Nc6 Bf6 23. Ne5+ 1-0

[Event "Tata Steel 2025"]
[Site "Wijk aan Zee"]
[Date "21.01.2025"]
[Round "4"]
[White "Caruana, Fabiano"]
[Black "Giri, Anish"]
[Result "1/2-1/2"]
[WhiteElo "2803"]
[BlackElo "2731"]
[EventDate "2025.01.18"]

1. e4 c5 2. Nf3 Nc6 3. Bb5 g6 4. O-O Bg7 5. Re1 e5 6. Bxc6 bxc6 7. c3 Ne7
8. d4 cxd4 9. cxd4 exd4 10. Nxd4 O-O 11. Nc3 Rb8 12. Nb3 Qc7 13. Bg5 d6 14.
Rc1 Be6 15. Nd5 Nxd5 16. exd5 Rb5 17. dxe6 Rxg5 18. Qd2 Rf5 19. exf7+ Qxf7
20. Re2 c5 21. g3 Rd5 22. Qc2 Re5 23. Rxe5 Bxe5 24. Re1 Rb8 25. Qd2 Rb6 26.
h4 Bf6 27. Rd1 Kg7 28. Re1 h6 29. Re4 g5 30. hxg5 hxg5 31. Ra4 Kg8 32. Qc2
Rb8 33. Qf5 Be7 34. Qc2 Bf6 1/2-1/2

[Event "Tata Steel 2025"]
[Site "Wijk aan Zee"]
[Date "21.01.2025"]
[Round "4"]
[White "Sarana, Alexey"]
[Black "Gukesh, Dommaraju"]
[Result "1/2-1/2"]
[WhiteElo "2677"]
[BlackElo "2777"]
[EventDate "2025.01.18"]

1. d4 d5 2. c4 e6 3. Nf3 Nf6 4. Nc3 Be7 5. g3 O-O 6. Bg2 Nc6 7. Ne5 Nxe5 8.
dxe5 Nd7 9. cxd5 Nxe5 10. dxe6 Bxe6 11. Bxb7 Rb8 12. Bg2 Qxd1+ 13. Nxd1 Nc4
14. O-O Bf6 15. Nc3 Rfd8 16. Ne4 Bxb2 17. Bxb2 Rxb2 18. Rfc1 f6 19. e3 h6
20. a4 a5 21. Rab1 Rb6 22. Nc5 Bf7 23. Rd1 Rdd6 24. h3 Kf8 25. Rdc1 Ke7 26.
Ra1 Rb4 27. Rc2 Rdb6 28. Rac1 Rb1 29. Bf1 Ne5 30. f4 Nf3+ 31. Kf2 Rxc1 32.
Rxc1 Nd2 33. Be2 c6 34. Rd1 Rb2 35. Ke1 Rc2 36. Rxd2 Rxc5 37. Rb2 Be6 38.
Rb7+ Kf8 39. g4 f5 40. Kd2 Rd5+ 41. Kc3 Rc5+ 42. Kd2 g5 43. Rh7 gxf4 44.
exf4 fxg4 45. hxg4 Bb3 46. Rxh6 Bxa4 47. Rh8+ Ke7 48. Rh7+ Kd6 49. g5 Bb3
50. Bd3 a4 51. Ra7 Rd5 52. Kc3 Rc5+ 53. Kd2 Rd5 54. Ke3 Kc5 55. g6 Kb6 56.
Ra6+ Kb7 57. f5 Re5+ 58. Kf4 Rd5 59. Ke3 Rd8 60. f6 Rf8 61. g7 Rxf6 62.
Rxa4 Bg8 63. Rf4 Rxf4 64. Kxf4 c5 65. Ke5 Kc7 66. Be4 c4 67. Bd5 c3 68.
Bxg8 c2 69. Bb3 c1=Q 70. g8=Q 1/2-1/2

[Event "Tata Steel 2025"]
[Site "Wijk aan Zee"]
[Date "21.01.2025"]
[Round "4"]
[White "Abdusattorov, Nodirbek"]
[Black "Wei Yi"]
[Result "1/2-1/2"]
[WhiteElo "2768"]
[BlackElo "2751"]
[EventDate "2025.01.18"]

1. d4 Nf6 2. c4 e6 3. Nc3 Bb4 4. a3 Bxc3+ 5. bxc3 b6 6. f3 Nc6 7. e4 Na5 8.
Bd3 Ba6 9. Qe2 c5 10. Nh3 cxd4 11. cxd4 Rc8 12. e5 Ng8 13. Nf2 d5 14. exd6
Nf6 15. Bf4 Bxc4 16. O-O O-O 17. Rac1 Nd5 18. Bg3 Bxd3 19. Qxd3 Nb7 20. Ne4
f5 21. Nc3 Nxc3 22. Rxc3 Rxc3 23. Qxc3 f4 24. Bf2 Qxd6 25. Rc1 h6 26. h3
Na5 27. Kh2 Qd5 28. Qc7 Rf7 29. Qc8+ Rf8 30. Qc7 Rf7 31. Qc8+ Kh7 32. Re1
Qd7 33. Qxd7 Rxd7 34. Rxe6 Nc4 35. a4 Nb2 36. a5 Nd3 37. Bg1 bxa5 38. Ra6
Rd5 39. h4 Nb4 40. Rxa7 Kg6 41. g4 fxg3+ 1/2-1/2

[Event "Tata Steel 2025"]
[Site "Wijk aan Zee"]
[Date "21.01.2025"]
[Round "4"]
[White "Praggnanandhaa, Rameshbabu"]
[Black "Mendonca,Leon Luke"]
[Result "1-0"]
[WhiteElo "2741"]
[BlackElo "2639"]
[EventDate "2025.01.18"]

1. e4 e5 2. Nf3 Nc6 3. Bb5 a6 4. Ba4 Nf6 5. d3 b5 6. Bb3 Bc5 7. Bg5 h6 8.
Bh4 d6 9. c3 Bb6 10. a4 Rb8 11. axb5 axb5 12. Na3 b4 13. Nc4 bxc3 14. bxc3
O-O 15. O-O Kh8 16. Ba4 Bd7 17. Rb1 g5 18. Bg3 Ba7 19. Ra1 Bb6 20. Re1 Ne7
21. d4 Bxa4 22. Rxa4 exd4 23. cxd4 Ng6 24. e5 Nh5 25. exd6 Nxg3 26. dxc7
Qxc7 27. hxg3 Rbe8 28. Ne3 Qd7 29. Qa1 Kh7 30. Ra6 Rb8 31. Nc4 Bc7 32. Ra7
Qc6 33. Rc1 Ra8 34. d5 Rxa7 35. Qxa7 Ra8 36. Qd4 Qd7 37. d6 Bd8 38. Nce5
Qe6 39. Nxg6 fxg6 40. Re1 Qf7 41. Qe4 Ra7 42. Ne5 Qe6 43. Nc6 Qxe4 44. Rxe4
Rd7 45. Re6 h5 46. Kh2 1-0

[Event "Tata Steel 2025"]
[Site "Wijk aan Zee"]
[Date "21.01.2025"]
[Round "4"]
[White "Keymer, Vincent"]
[Black "Van Foreest, Jorden"]
[Result "1/2-1/2"]
[WhiteElo "2733"]
[BlackElo "2680"]
[EventDate "2025.01.18"]

1. d4 d5 2. c4 e6 3. Nc3 Be7 4. cxd5 exd5 5. Bf4 Nf6 6. e3 Bf5 7. Nf3 c6 8.
Nh4 Bg6 9. h3 Nbd7 10. Nxg6 hxg6 11. Bd3 Nf8 12. Qb3 Qb6 13. Qc2 Ne6 14.
Be5 O-O 15. O-O-O Rac8 16. Kb1 Rfd8 17. Be2 Nd7 18. Bg3 Nf6 19. Be5 Nd7 20.
Bg3 Nf6 21. Bg4 c5 22. dxc5 Rxc5 23. Qb3 Qxb3 24. axb3 Nxg4 25. hxg4 d4 26.
exd4 Nxd4 27. Rhe1 Ne6 28. f3 a6 29. Rxd8+ Bxd8 30. Rd1 Bc7 31. Bxc7 Rxc7
32. Nd5 Rc5 33. b4 Rc4 34. b3 Rd4 35. Rxd4 Nxd4 36. Kb2 Kf8 37. Kc3 Ne6 38.
b5 axb5 39. Kb4 Nd4 40. Nc3 Ke7 41. Nxb5 Ne6 42. Ka5 Nf4 43. g3 Nd5 44. Na3
Kd6 45. Kb5 f5 46. Nc4+ Ke6 47. g5 f4 48. g4 Nc3+ 49. Kc5 Ne2 50. b4 Nc1
51. Nb2 Nb3+ 52. Kb6 Nd4 53. Kxb7 Kd5 54. Kc7 Nxf3 55. Nd3 Kc4 56. Nxf4
Nxg5 57. Nxg6 Kxb4 58. Kd7 1/2-1/2